African theatre; eight prize-winning plays for radio;
Guardat en:
| Altres autors: | , |
|---|---|
| Format: | Llibre |
| Idioma: | anglès |
| Publicat: |
London,
Heinemann,
1973.
|
| Col·lecció: | African writers series, 134
|
| Matèries: | |
| Etiquetes: |
Afegir etiqueta
Sense etiquetes, Sigues el primer a etiquetar aquest registre!
|
MARC
| LEADER | 00000cam a2200000 4500 | ||
|---|---|---|---|
| 001 | 1264799 | ||
| 003 | OSt | ||
| 005 | 20200612122121.0 | ||
| 008 | 740421s1973 enk 000 0 eng | ||
| 010 | |a 74162384 |z 74171276 | ||
| 015 | |a GB73-18841 | ||
| 020 | |a 0435901346 | ||
| 040 | |a DLC |c DLC |d DLC | ||
| 050 | 0 | 0 | |a PN6120.R2 |b A42 |
| 082 | 0 | 0 | |a 822/.02 |
| 245 | 0 | 0 | |a African theatre; eight prize-winning plays for radio; |c edited by Gwyneth Henderson; judges Wole Soyinka, Martin Esslin, Lewis Nkosi. |
| 260 | |a London, |b Heinemann, |c 1973. | ||
| 300 | |a iii-x, 150 p. |c 19 cm. | ||
| 350 | |a £0.70 | ||
| 490 | 0 | |a African writers series, 134 | |
| 650 | 0 | |a Radio plays, African (English) | |
| 651 | 0 | |a Africa |x Drama. | |
| 700 | 1 | |a Henderson, Gwyneth, |e ed. | |
| 700 | 1 | |a Soyinka, Wole. | |
| 906 | |a 7 |b cbc |c orignew |d 3 |e ncip |f 19 |g y-gencatlg | ||
| 942 | |2 lcc |c BK | ||
| 952 | |0 0 |1 0 |2 lcc |4 0 |7 0 |9 1 |a MPL |b HOL |d 2020-06-12 |l 4 |o 822/.02 |p 2020-0001 |r 2020-09-09 00:00:00 |s 2020-09-09 |w 2020-06-12 |y BK | ||
| 952 | |0 0 |1 0 |2 lcc |4 0 |7 0 |9 2 |a MPL |b MPL |d 2020-06-12 |o 822/.02 |p 2020-0002 |r 2020-06-12 00:00:00 |w 2020-06-12 |y BK | ||
| 952 | |0 0 |1 0 |2 lcc |4 0 |7 0 |9 3 |a MPL |b MPL |d 2020-06-12 |o 822/.02 |p 2020-0003 |r 2020-06-12 00:00:00 |w 2020-06-12 |y BK | ||
| 999 | |c 1 |d 1 | ||